000 00617nam a2200181Ia 4500
008 151018s9999 xx 000 0 und d
082 _bRBASDV5257
_a891.434
100 _aएम पेलेग्रीन एजेलो
245 _aहमारा नया देश
250 _b1
260 _bरामलाल पुरी
_c1963
300 _a97
600 _aएम पेलेग्रीन एजेलो
630 _aहमारा नया देश
700 _aएम पेलेग्रीन एजेलो
730 _aहमारा नया देश
942 _cBOOK
999 _c1007640
_d1007637